000
00339nam a2200145Ia 4500
100
_a
Gupta/K/ Kapoor/V.K
942
_c
BK
654
_a
statistics
245
_a
Fundamentals of Mathematical statistics
260
_b
Sultan chand and sons
_a
New Delhi
_c
1985
082
_a
519.5
_b
GUP
300
_a
1103
546
_a
ENGLISH
999
_c
24104
_d
24104